000 00765nam a2200229Ia 4500
003 IN-BaIIA
008 211028s9999 xx s 000 0 eng d
020 _a978-2-7598-0439-9 (Online)
022 _a1633-4760 (Print)
022 _a1638-1963 (Online)
040 _cIIA Library
100 _aPecontal, E., ed.
_938185
245 0 _aDark Energy and Dark Matter: Observations, Experiments and Theories
_h[eBook]
260 _aFrance
_bEDP Sciences
_c2009
300 _aiv, 336p.
490 _aEAS Publications Series
700 _aBuchert, T.
_938186
700 _aCopin, Y.
_938187
700 _aDi Stefano, Ph.
_938188
856 _uhttps://www.eas-journal.org/articles/eas/abs/2009/03/contents/contents.html
_yClick Here to Access eBook
942 _cEB
999 _c20630
_d20630